[Event "XXIV Andorra Open"]
[Site "Andorra la Vella AND"]
[Date "2006.07.16"]
[Round "9"]
[White "Flores,Di"]
[Black "Bhat,V"]
[Result "1/2-1/2"]
[WhiteElo "2514"]
[BlackElo "2409"]

1.c4 e6 2.Nf3 d5 3.e3 Nf6 4.b3 c6 5.Bb2 Nbd7 6.Nc3 e5 7.cxd5 cxd5 8.g4 h6
9.Qc2 a6 10.Rg1 b5 11.g5 hxg5 12.Nxg5 Rh6 13.f4 Bd6 14.Nf3 Qc7 15.Rc1 Kf8
16.fxe5 Nxe5 17.Nxe5 Bxe5 18.Nxd5 Qxc2 19.Ba3+ Kg8 20.Ne7+ Kh8 21.Rxc2 Bxh2
22.Rg5 Bg4 23.Bg2 Rd8 24.d4 Bd6 25.Nc6 Bg3+ 26.Kf1 Rc8 27.Be7 Bh4 28.Rgc5 Re8
29.e4 Bd7 30.d5 Nxd5 31.Rxd5 Bxc6 32.Rxc6 Rxe7 33.Rxh6+ gxh6 34.Rd6 Re6 35.Rxe6 fxe6  1/2-1/2

[Event "6th TCh-Euro u18 Girls"]
[Site "Balatonlelle HUN"]
[Date "2006.07.17"]
[Round "6"]
[White "Franciskovic,B"]
[Black "Ignacz,M"]
[Result "1/2-1/2"]
[WhiteElo "2160"]
[BlackElo "2255"]

1.c4 e6 2.Nf3 d5 3.g3 dxc4 4.Bg2 Nd7 5.Qa4 c5 6.Qxc4 Rb8 7.a4 b6 8.d3 Bb7
9.O-O Bd6 10.Nc3 a6 11.Qg4 Qf6 12.Ne4 Bxe4 13.Qxe4 Ne7 14.Qc4 b5 15.axb5 axb5
16.Qb3 h6 17.Ra6 Nc8 18.Nd2 O-O 19.Ne4 Qe7  1/2-1/2

[Event "Czech Open A"]
[Site "Pardubice CZE"]
[Date "2006.07.25"]
[Round "5"]
[White "Golcman,E"]
[Black "Mojzis,Jan"]
[Result "1/2-1/2"]
[WhiteElo "2317"]
[BlackElo "2199"]

1.c4 e6 2.Nf3 d5 3.d4 c5 4.cxd5 exd5 5.g3 Nc6 6.Bg2 Nf6 7.O-O Be7 8.Nc3 O-O
9.Be3 c4 10.Ne5 h6 11.h3 Bb4 12.Qc2 Re8 13.Rad1 Bxc3 14.bxc3 Be6 15.f4 Qa5
16.Bc1 Rad8 17.Kh2 Bc8 18.g4 Ne7 19.Rg1 b5 20.Bf3 Ne4 21.g5 hxg5 22.Bxe4 dxe4
23.fxg5 Ng6 24.Nxg6 fxg6 25.Bf4 Bf5  1/2-1/2

[Event "Czech Open A"]
[Site "Pardubice CZE"]
[Date "2006.07.25"]
[Round "5"]
[White "Borik,J"]
[Black "Kulakov,V"]
[Result "0-1"]
[WhiteElo "2199"]
[BlackElo "2248"]

1.c4 e6 2.Nf3 d5 3.g3 Nf6 4.Bg2 c6 5.d4 Nbd7 6.O-O Bd6 7.Nc3 O-O 8.e4 dxe4
9.Ng5 e5 10.Ncxe4 Bc7 11.d5 cxd5 12.cxd5 h6 13.Nxf6+ Nxf6 14.Ne4 Nxe4 15.Bxe4 Bh3
16.Re1 f5 17.Bf3 Qd6 18.Qb3 Bb6 19.Bd2 a5 20.Re2 Rfd8 21.Rae1 e4 22.Bf4 Qb4
23.Bg2 Qxb3 24.axb3 Bxg2 25.Kxg2 Rxd5 26.g4 Rf8 27.gxf5 Rdxf5 28.Bg3 Bd4
29.Rd1 Bf6 30.Rd7 Rb5 31.Bc7 Ra8 32.Rxe4 Rxb3 33.Rg4 Kh8 34.Rd5 b5 35.Rd6 Rxb2
36.Bb6 Rb1 37.Be3 Kh7 38.Rd7 a4 39.h4 a3 40.Bg5 hxg5 41.hxg5 Be5 42.g6+ Kg8  0-1

[Event "ITT"]
[Site "Villa Martelli ARG"]
[Date "2006.07.25"]
[Round "2"]
[White "Valiente,C"]
[Black "Born,C"]
[Result "1/2-1/2"]
[WhiteElo "2304"]
[BlackElo "2132"]

1.c4 e6 2.Nf3 d5 3.d4 c6 4.Qc2 Nf6 5.g3 Nbd7 6.Bg2 b6 7.O-O Bb7 8.b3 Rc8
9.Bb2 Be7 10.Nbd2 O-O 11.Rad1 c5 12.Qb1 Re8 13.e3  1/2-1/2

[Event "Open"]
[Site "Kiel GER"]
[Date "2006.07.27"]
[Round "8"]
[White "Schalla,D"]
[Black "Keuchen,M"]
[Result "1-0"]
[WhiteElo "2102"]
[BlackElo "1993"]

1.c4 e6 2.Nf3 d5 3.g3 Bd6 4.Bg2 Nf6 5.O-O Qe7 6.d3 O-O 7.Bg5 h6 8.Bd2 c6
9.Nc3 Nbd7 10.Re1 e5 11.cxd5 Nxd5 12.e4 Nxc3 13.bxc3 Nb6 14.a4 Be6 15.a5 Nd7
16.d4 b6 17.Nh4 Bc4 18.Nf5 Qf6 19.f4 exd4 20.cxd4 Bc7 21.Qc2 b5 22.e5 Qe6
23.Bxc6 Rac8 24.d5 Bxd5 25.Bxd5 Bb6+ 26.axb6 Qxb6+ 27.Be3 Rxc2 28.Bxb6 Nxb6
29.Be4 Rc7 30.Nd6 b4 31.Reb1 Nc4 32.Rxb4 Nxd6 33.exd6 Rd7 34.Ra6 Rfd8 35.Bf5 Rxd6
36.Rxd6 Rxd6 37.Rb8+  1-0

[Event "15th Open A"]
[Site "Vienna AUT"]
[Date "2006.08.03"]
[Round "6"]
[White "Sulyok,M"]
[Black "Ganaus,H"]
[Result "1-0"]
[WhiteElo "2217"]
[BlackElo "2318"]

1.c4 e6 2.Nf3 d5 3.g3 g6 4.d4 Bg7 5.Bg2 Ne7 6.cxd5 exd5 7.Nc3 Nbc6 8.Bf4 a6
9.Qd2 h6 10.h4 Be6 11.Na4 Nf5 12.Rc1 Nd6 13.Nc5 Bc8 14.Ne5 Ne7 15.Qd3 c6
16.a3 Nef5 17.Rd1 Ne7 18.Rc1 O-O 19.Bf3 Bf5 20.Qd2 f6 21.Ng4 h5 22.Ne3 Bc8
23.g4 b6 24.Nb3 hxg4 25.Nxg4 Ne4 26.Qd1 Kh7 27.Nd2 Nd6 28.Rg1 Nef5 29.Rxc6 Bb7
30.Rxd6 Nxd6 31.h5 g5 32.Bxd6 Qxd6 33.Qc2+ f5 34.Ne3 Rac8 35.Qb1 Qf6 36.Bg4 Rce8
37.Nxf5 Kg8 38.Nf3 Bc8 39.Nxg7 Bxg4 40.Nxe8 Qe6 41.Rxg4  1-0

[Event "17th Jozef Kochan Mem"]
[Site "Koszalin POL"]
[Date "2006.08.06"]
[Round "3"]
[White "Carlstedt,J"]
[Black "Chojnowski,M"]
[Result "1-0"]
[WhiteElo "2052"]
[BlackElo "2188"]

1.c4 e6 2.Nf3 d5 3.g3 Nf6 4.Bg2 dxc4 5.Qa4+ Nbd7 6.Qxc4 c5 7.O-O a6 8.Qc2 Rb8
9.d3 Bd6 10.b3 b5 11.Ba3 Bb7 12.Nbd2 O-O 13.Rac1 Qb6 14.Bb2 h6 15.Rfd1 Rbc8
16.Qb1 Rfd8 17.Qa1 Bf8 18.d4 Bd5 19.dxc5 Bxc5 20.Bd4 Bxd4 21.Qxd4 Nc5 22.Qh4 Nce4
23.Nxe4 Nxe4 24.e3 Nc3 25.Rxc3 Rxc3 26.e4 Rc2 27.Ne1 Qxf2+ 28.Kh1 Re2 29.Qxd8+ Kh7
30.Qa5 Bxe4 31.Bxe4+ Rxe4 32.Ng2 Re2 33.Rg1 Rxa2 34.Qc3 Qb2 35.Qd3+ g6 36.Qf3 f5
37.Qb7+ Qg7 38.Qc6 e5 39.Rd1 e4 40.Nf4 Ra1 41.Rxa1 Qxa1+ 42.Kg2 Qg7 43.Qe6 Qg8
44.Qxa6 g5 45.Qb7+ Kh8 46.Nd5 f4 47.Nf6 f3+ 48.Kf1 Qg6 49.Qe7  1-0

[Event "Acropolis Open"]
[Site "Athens GRE"]
[Date "2006.08.19"]
[Round "7"]
[White "Pountzas,H"]
[Black "Parginos,V"]
[Result "1-0"]
[WhiteElo "2262"]
[BlackElo "2177"]

1.c4 e6 2.Nf3 d5 3.b3 Nf6 4.g3 Bd6 5.Bb2 Nbd7 6.d4 c5 7.cxd5 exd5 8.Bg2 O-O
9.O-O Re8 10.Nc3 cxd4 11.Nxd4 Nb6 12.Qd3 Bg4 13.a4 a5 14.e3 Qd7 15.Qb5 Ra6
16.Rfc1 Be5 17.Qxd7 Bxd7 18.Rd1 Bc6 19.Bf1 Raa8 20.Rac1 Bd7 21.Ncb5 Rac8
22.Bc3 Ra8 23.f3 h5 24.Kf2 g5 25.Bd3 g4 26.f4 Bb8 27.Nf5 Ne4+ 28.Bxe4 Rxe4
29.Nfd4 Nc8 30.Bb2 Ne7 31.Ba3 Ra6 32.Nc3 Bd6 33.Bxd6 Rxd6 34.Nxe4 dxe4 35.Nb5 Rxd1
36.Rxd1 Be6 37.Rd8+ Kg7 38.Nd4 Nc6 39.Nxe6+  1-0

[Event "Open"]
[Site "Stare Mesto CZE"]
[Date "2006.08.19"]
[Round "10"]
[White "Vokac,M"]
[Black "Sosna,J"]
[Result "1/2-1/2"]
[WhiteElo "2498"]
[BlackElo "2411"]

1.c4 e6 2.Nf3 d5 3.g3 c6 4.Qc2 dxc4 5.Qxc4 Nd7 6.Bg2 e5 7.O-O Bd6 8.d4 Ngf6
9.Nc3 O-O 10.e4 Re8 11.Rd1 Qe7 12.h3 exd4  1/2-1/2

[Event "Acropolis Open"]
[Site "Athens GRE"]
[Date "2006.08.21"]
[Round "9"]
[White "Pountzas,H"]
[Black "Valden,P"]
[Result "0-1"]
[WhiteElo "2262"]
[BlackElo "2165"]

1.c4 e6 2.Nf3 d5 3.b3 Nf6 4.g3 c5 5.Bb2 Nc6 6.cxd5 exd5 7.Bg2 d4 8.O-O Be7
9.Na3 O-O 10.e3 Bf5 11.exd4 cxd4 12.Nc2 d3 13.Ne3 Be4 14.Ne5 Nxe5 15.Bxe5 Bxg2
16.Kxg2 Re8 17.Qf3 Qd7 18.Rac1 Bd8 19.Bf4 Ne4 20.Nc4 b5 21.Ne5 Qd5 22.Rfe1 f5
23.Nxd3 Bb6 24.Nb4 Qd4 25.Nc6 Qxf2+ 26.Qxf2 Nxf2 27.Ne7+ Kf7 28.Nxf5 Kg6
29.Rxe8 Rxe8 30.Ne3 Nd3 31.Rc6+ Kf7 32.Kf3 g5 33.Bd6 Re6 34.Ke2 Ne5 35.Rxb6 axb6
36.Bxe5 Rxe5 37.d4 Re8 38.Kd3 Ra8 39.Ke4 Rxa2 40.d5 Rxh2 41.Nf5 Kf6  0-1

[Event "23rd Open"]
[Site "Collado Villalba ESP"]
[Date "2006.08.22"]
[Round "4"]
[White "Elissalt Cardenas,H"]
[Black "Zambrana,O"]
[Result "1/2-1/2"]
[WhiteElo "2329"]
[BlackElo "2429"]

1.c4 e6 2.Nf3 d5 3.g3 Be7 4.Bg2 Nf6 5.O-O O-O 6.b3 b6 7.Bb2 Bb7 8.e3 c5 9.Nc3 Nbd7
10.Qe2 Ne4 11.d3 Nxc3 12.Bxc3 Bf6 13.Qb2 Qc7 14.Rfd1 Rad8 15.Rac1 Qb8 16.a3 Bxc3
17.Qxc3 e5 18.cxd5 Bxd5 19.e4 Bb7 20.Bh3 Rfe8 21.b4 Ba6 22.Bxd7 Rxd7 23.bxc5 bxc5
24.Qxc5 Rxd3 25.Rxd3 Bxd3 26.Ng5 Qb2 27.Qc3 Qxc3 28.Rxc3 Be2 29.f3 f6 30.Kf2 Ba6
31.Nh3 Rb8 32.g4 g5 33.Rc6 Rb2+ 34.Kg3 Bf1 35.Nf2 Kf7 36.Rc1 Be2 37.Rc3 a5
38.Nd3 Rd2 39.Ne1 a4 40.Rc2 Rxc2 41.Nxc2 Ke7 42.Ne3 Kd6 43.Kf2 Bb5 44.Ke1 Kc5
45.Kd2 Bc4 46.Nxc4 Kxc4 47.Kc2  1/2-1/2

[Event "23rd Open"]
[Site "Collado Villalba ESP"]
[Date "2006.08.24"]
[Round "6"]
[White "Elissalt Cardenas,H"]
[Black "Alonso Fernandez,M"]
[Result "1-0"]
[WhiteElo "2329"]
[BlackElo "2296"]

1.c4 e6 2.Nf3 d5 3.g3 Nf6 4.Bg2 Be7 5.O-O O-O 6.b3 c5 7.e3 Nc6 8.Bb2 b6 9.Nc3 dxc4
10.bxc4 Bb7 11.Qe2 Rc8 12.d3 Qc7 13.Rfd1 Rfd8 14.Bh3 Rd7 15.Ne1 Rcd8 16.f4 Ne8
17.f5 Bf6 18.fxe6 Nd4 19.exd4 Bxd4+ 20.Kf1 fxe6 21.Bg2 Rf7+ 22.Nf3 Nd6 23.Ne4 Nf5
24.Ke1 Bxb2 25.Qxb2 Ne3 26.Qe2 Nxd1 27.Rxd1 b5 28.Nfg5 Qa5+ 29.Qd2 Qxd2+
30.Rxd2 Re7 31.cxb5 h6 32.Nf3 Bxe4 33.dxe4 Rxd2 34.Nxd2 Kf7 35.Ke2 Rd7 36.Ke3 Rd4
37.Bf1 Rb4 38.Bc4 Kf6 39.Kd3 Ke5 40.Kc3 g5 41.a3 Ra4 42.Nf3+ Kxe4 43.Nd2+ Ke3
44.Nf1+ Kf2 45.Kb3 Ra5 46.Nd2 Ke3 47.Nb1 e5 48.a4 e4 49.Na3 Kf2 50.g4 e3
51.Bd3 a6 52.b6 c4+ 53.Nxc4 Rd5 54.Nb2 e2 55.Bxe2 Kxe2 56.b7 Rd8 57.Nc4 Rb8
58.Nd6 Kd3 59.Kb4 Kd4 60.Ka5 Kd5 61.Kxa6 Kxd6 62.Kb6 Kd7 63.a5 Re8 64.a6  1-0

[Event "5th Open"]
[Site "Istanbul TUR"]
[Date "2006.08.31"]
[Round "2"]
[White "Videnova,I"]
[Black "Gurevich,M"]
[Result "0-1"]
[WhiteElo "2124"]
[BlackElo "2643"]

1.c4 e6 2.Nf3 d5 3.g3 g6 4.Bg2 Bg7 5.O-O Ne7 6.d3 O-O 7.Nc3 d4 8.Nb1 c5 9.Na3 Nbc6
10.Nc2 e5 11.Rb1 a5 12.b3 Rb8 13.a4 h6 14.Nfe1 Be6 15.Na3 Qd7 16.Nb5 g5 17.Rb2 Rbd8
18.Kh1 f5 19.Rd2 Kh8 20.e4 Ng8 21.f3 f4 22.g4 h5 23.h3 Nf6 24.Kg1 Kg8 25.Bh1 Kf7
26.Rg2 Rh8 27.Kf2 hxg4 28.hxg4 Rh3 29.Nc2 Rdh8 30.Rgg1 Rh2+ 31.Bg2 Nxg4+
32.fxg4 Bxg4 33.Qd2 f3 34.Qxg5 fxg2 35.Rxg2 Rxg2+ 36.Kxg2+ Kg8 37.Rg1 Rh5
38.Qg6 Ne7 39.Qd6 Qe8 40.Ne1 Qf7 41.Qd8+ Kh7 42.Nd6 Qf6 43.Nxb7 Bh6 44.Bxh6 Rxh6
45.Rh1 Rxh1 46.Kxh1 Qf1+ 47.Kh2 Ng6 48.Qg5 Qh3+ 49.Kg1 Bd1 50.Nxc5 Qc8 51.Qd2 Bh5
52.Qg5 Be2 53.Qg2 Nf4 54.Qh2+ Bh5 55.b4 axb4 56.Nb3 Qg4+ 57.Kf1 Qd1 58.Qc2 Be2+
59.Kf2 Nxd3+ 60.Kg2  0-1

[Event "3rd Open"]
[Site "Kalamaria GRE"]
[Date "2006.09.01"]
[Round "3"]
[White "Milovanovic,Ni"]
[Black "Mastrovasilis,A"]
[Result "1/2-1/2"]
[WhiteElo "2218"]
[BlackElo "2521"]

1.c4 e6 2.Nf3 d5 3.e3 Nf6 4.b3 b6 5.Be2 Bb7 6.O-O Nbd7 7.Bb2 Bd6 8.d4 O-O
9.Nbd2 Rc8 10.a3 c5 11.b4 cxd4 12.Nxd4 Bb8 13.cxd5 Nxd5 14.Rc1 Qh4 15.N4f3 Qh6
16.Bb5 Rxc1 17.Qxc1 N7f6 18.Qc4 Rd8 19.Qe2 Qg6 20.g3 Qc2 21.Bxf6 Nxf6 22.Nd4 Qc3
23.N4b3 Rc8 24.Ba6 Qc7 25.Bxb7 Qxb7 26.Rc1 Rxc1+ 27.Nxc1 e5 28.Ndb3 h5 29.Nd2 a5
30.Qd3 axb4 31.axb4 Qe7 32.Ne4 Nxe4 33.Qxe4 b5 34.Nd3 Bd6 35.h3 g6 36.g4 hxg4
37.hxg4 Qe6 38.Kg2 Kg7 39.g5 Qf5 40.Qd5 e4 41.Qd4+ Kh7 42.Nc5 Qxg5+ 43.Kf1 Qe5
44.Qxe5 Bxe5 45.Nxe4 f5 46.Ng5+ Kg8 47.Ke2 Bc3 48.Ne6 Kf7 49.Nc7 Bxb4 50.Nxb5  1/2-1/2

[Event "TCh-Serbia"]
[Site "Zlatibor SCG"]
[Date "2006.09.03"]
[Round "9"]
[White "Arsovic,Z"]
[Black "Jovanovic,Zo1 SCG"]
[Result "1-0"]
[WhiteElo "2441"]
[BlackElo "2281"]

1.Nf3 e6 2.c4 d5 3.g3 dxc4 4.Qa4+ Bd7 5.Qxc4 c5 6.Bg2 Bc6 7.O-O Nf6 8.b3 Be7
9.Bb2 Nbd7 10.Qc2 O-O 11.d3 Rc8 12.Nbd2 Bd6 13.Rac1 Re8 14.Qb1 Ng4 15.Qa1 Bf8
16.a3 f6 17.Qb1 Qe7 18.e4 Bb5 19.Rfd1 Nh6 20.Bh3 e5 21.Nc4 Rcd8 22.a4 Bc6
23.Nh4 g6 24.Ng2 Nf7 25.f4 Bh6 26.Rf1 Nb8 27.Rf2 Bd7 28.Bxd7 Qxd7 29.Nge3 Qxd3
30.Nd5 Rxd5 31.exd5 Qxd5 32.Rd1 Qe6 33.fxe5 fxe5 34.Re2 Nc6 35.Qe4 Ng5 36.Qd5 e4
37.Kg2 b6 38.Nd6 Rd8 39.Qxe6+ Nxe6 40.Rxe4 Ned4 41.Re8+ Rxe8 42.Nxe8 Kf7
43.Re1 Bf8 44.Nc7 Nxb3 45.Rf1+ Kg8 46.Ne6 Be7 47.Bf6 Bd6 48.Rd1 Be5 49.Bxe5 Nxe5
50.Rd5 Nc6 51.Rd7 c4 52.Rg7+ Kh8 53.Rc7  1-0

[Event "EU-chB16"]
[Site "Herceg Novi MNE"]
[Date "2006.09.12"]
[Round "3"]
[White "Hansen,Al"]
[Black "Yuzhakov,O"]
[Result "1-0"]
[WhiteElo "2136"]
[BlackElo "2287"]

1.c4 e6 2.Nf3 d5 3.g3 c6 4.b3 Nd7 5.Bb2 Ngf6 6.Bg2 Bd6 7.d4 O-O 8.O-O Qc7
9.Nbd2 e5 10.c5 Be7 11.Nxe5 Nxe5 12.dxe5 Ng4 13.e4 Bxc5 14.exd5 cxd5 15.Nf3 Qb6
16.Qd2 f6 17.h3 Nxe5 18.Nxe5 fxe5 19.Qxd5+ Be6 20.Qxe5 Bxf2+ 21.Kh2 Rf7 22.Rxf2 Qxf2
23.Rf1 Qxf1 24.Bxf1 Re8 25.Bc4 Rf6 26.Bd4 Kf7 27.Qh5+ Rg6 28.Bd3  1-0

[Event "USCL"]
[Site "ICC INT"]
[Date "2006.09.13"]
[Round "3"]
[White "Shahade,M"]
[Black "Zilberstein,Dm"]
[Result "1/2-1/2"]
[WhiteElo "2266"]
[BlackElo "2398"]

1.c4 e6 2.Nf3 d5 3.g3 dxc4 4.Bg2 Nd7 5.Qa4 a6 6.Qxc4 b5 7.Qc2 Bb7 8.O-O Ngf6
9.d3 c5 10.Bg5 Be7 11.a4 O-O 12.Nc3 Qb6 13.axb5 axb5 14.Nd2 Bxg2 15.Kxg2 Qc6+
16.Kg1 Nd5 17.Bxe7 Nxe7 18.Qb3 Rab8 19.Ra5 c4 20.dxc4 bxc4 21.Qxc4 Rxb2 22.Qxc6 Nxc6
23.Ra2 Rxa2 24.Nxa2 Ra8 25.Nc3 h6  1/2-1/2

[Event "ch-EU"]
[Site "Liverpool ENG"]
[Date "2006.09.13"]
[Round "8"]
[White "Peacock,M"]
[Black "Williamson,R"]
[Result "1/2-1/2"]
[WhiteElo "2079"]
[BlackElo "2155"]

1.c4 e6 2.Nf3 d5 3.b3 c5 4.Bb2 Nc6 5.e3 Nf6 6.g3 Be7 7.Bg2 O-O 8.O-O Re8
9.Qe2 Bf8 10.Nc3 a6 11.Rfd1 b5 12.cxb5 axb5 13.Nxb5 Ba6 14.a4 Na5 15.Rab1 Rb8
16.Bf1 Ne4 17.Be5 Rb7 18.d3 Nd6 19.Bxd6 Bxd6 20.d4 Bxb5 21.axb5 c4 22.bxc4 Nxc4
23.Qa2 Nb6 24.Rdc1 Qb8 25.Rc6 Nc8 26.Nd2 h5 27.Ra6 h4 28.Kg2 hxg3 29.hxg3 Ne7
30.Ra1 Qc7 31.Qa5 Qd7 32.Ra7 Reb8 33.Rxb7 Rxb7 34.Nb3 Qc8 35.Rc1 Rc7 36.Rxc7 Qxc7
37.Qxc7 Bxc7 38.Nc5 Nc8 39.Kf3 Kf8 40.Kg4 Ba5 41.f3 Bd2 42.e4 Nb6 43.exd5 Nxd5
44.Bd3 Be3 45.Nb3 Ke7 46.f4 Kd6 47.Kf3 Bg1 48.f5 e5 49.Bc4 exd4 50.Ke4 Nf6+
51.Kd3 Bh2 52.Nxd4 Bxg3 53.Bxf7 Nd7 54.Be6 Nb6 55.Ke4 Be5 56.Bf7 Bf6 57.Be8 Kc5
58.Ne6+ Kd6 59.Bc6 g6 60.Nf4  1/2-1/2

[Event "14th Bora Kostic Mem"]
[Site "Vrsac SCG"]
[Date "2006.09.14"]
[Round "3"]
[White "Damljanovic,B"]
[Black "Korneev,O"]
[Result "1-0"]
[WhiteElo "2625"]
[BlackElo "2638"]

1.c4 e6 2.Nf3 d5 3.d4 Nf6 4.g3 dxc4 5.Bg2 Bb4+ 6.Bd2 a5 7.Qc2 Bxd2+ 8.Qxd2 Bd7
9.Ne5 Bc6 10.Nxc6 Nxc6 11.Na3 O-O 12.Rd1 Qe7 13.O-O Qb4 14.Qc1 Nd5 15.Nxc4 Rfd8
16.a3 Qb5 17.Rd3 a4 18.Rfd1 Na5 19.Nxa5 Qxa5 20.e4 Ne7 21.d5 exd5 22.exd5 Qb6
23.Qe3 Qxe3 24.fxe3 Kf8 25.d6 cxd6 26.Rxd6 Nc6 27.Bxc6 Rxd6 28.Rxd6 bxc6
29.Rxc6 Rb8 30.Rc2 Ke7 31.Kf2 Ke6 32.Ke2 Rb7 33.Rd2 Ke5 34.h4 f5 35.Kf3 g6
36.Rd4 Rxb2 37.Rxa4 Ra2 38.e4 Ra1 39.Ra5+ Kf6 40.Ra6+ Ke5 41.Ra5+ Kf6 42.exf5 gxf5
43.g4 fxg4+ 44.Kxg4 Rg1+ 45.Kh5 Rg7 46.Ra8 Rc7 47.Kh6 Rc4 48.h5 Rc7 49.Ra5 Rd7
50.a4 Rc7 51.Rb5 Rd7 52.a5 Ra7 53.Rc5 Ke6 54.Kg5 Rg7+ 55.Kf4 Rg1 56.Rc6+ Kd5
57.Rb6 Rf1+ 58.Kg5 Rf7 59.a6 Ra7 60.Kf6 Kc5 61.Re6 Kd5 62.h6 Ra8 63.Re5+ Kd6
64.Re7  1-0

[Event "5th Open"]
[Site "Izmir TUR"]
[Date "2006.09.19"]
[Round "10"]
[White "Grigoriev,A"]
[Black "Secer,A"]
[Result "0-1"]
[WhiteElo "2336"]
[BlackElo "2267"]

1.c4 e6 2.Nf3 d5 3.e3 Nf6 4.b3 Be7 5.Bb2 O-O 6.Be2 b6 7.O-O Bb7 8.d3 c5 9.Nbd2 Nc6
10.a3 Rc8 11.Rc1 Bd6 12.cxd5 Nxd5 13.Rc2 Be7 14.Qa1 Bf6 15.Rfc1 Bxb2 16.Qxb2 Qf6
17.Qxf6 Nxf6 18.Ne1 Ne7 19.Kf1 Rfd8 20.Nc4 Nfd5 21.Nf3 Nc6 22.h3 f6 23.Ne1 Kf7
24.Ra1 g6 25.Kg1 e5 26.Bf3 Ke6 27.Rb2 Ba6 28.b4 cxb4 29.Bxd5+ Kxd5 30.axb4 Bxc4
31.e4+ Ke6 32.dxc4 Rd4 33.c5 Rxb4 34.Rxb4 Nxb4 35.cxb6 axb6 36.Rb1 Rc4 37.Nf3 Kd6
38.Nd2 Rd4 39.Rb2 Kc6 40.Kf1 Nd3 41.Rc2+ Nc5 42.f3 Rb4 43.Ra2 Ra4 44.Rc2 Kb5
45.Rb2+ Kc6 46.Rc2 Ra3 47.Nc4 Ra1+ 48.Ke2 b5 49.Nd2 Ra3 50.Nb1 Ra4 51.Nd2 Kb6
52.Rb2 Rd4 53.h4 b4 54.Rb1 Kb5 55.Rc1 Rxd2+  0-1

[Event "1st TCH-MNE"]
[Site "Herceg Novi MNE"]
[Date "2006.09.25"]
[Round "4"]
[White "Nikcevic,N"]
[Black "Pucovski,M"]
[Result "1-0"]
[WhiteElo "2449"]
[BlackElo "2367"]

1.c4 e6 2.Nf3 d5 3.g3 Nf6 4.Bg2 Be7 5.O-O O-O 6.d4 c6 7.Nc3 a6 8.b3 b5 9.Ne5 Bb7
10.c5 Nbd7 11.Nd3 Qc8 12.a4 Bd8 13.b4 Bc7 14.f4 bxa4 15.Qxa4 a5 16.b5 cxb5
17.Qxb5 Nb8 18.Ne5 Ba6 19.Qa4 Nfd7 20.Rf2 Nxe5 21.fxe5 Bb7 22.e4 Bc6 23.Qd1 dxe4
24.Nxe4 Qd7 25.Qg4 Kh8 26.Be3 Bd8 27.Raf1 a4 28.Nd6 f5 29.d5 Bxd5 30.Bxd5 exd5
31.Rxf5 Rxf5 32.Rxf5  1-0

[Event "15th TCh-CRO w"]
[Site "Sibenik CRO"]
[Date "2006.09.29"]
[Round "8"]
[White "Franciskovic,B"]
[Black "Cvitan,O"]
[Result "1-0"]
[WhiteElo "2160"]
[BlackElo "2539"]

1.c4 e6 2.Nf3 d5 3.g3 Nf6 4.Bg2 Be7 5.O-O O-O 6.d4 dxc4 7.Ne5 Nbd7 8.Nxc4 c6
9.Nc3 Re8 10.e4 Nf8 11.Be3 Ng6 12.h3 b6 13.Qb3 Ba6 14.Rfd1 Qc7 15.Rac1 Rac8
16.Nd2 e5 17.Nd5 Qd7 18.Nxe7+ Qxe7 19.d5 cxd5 20.exd5 Rxc1 21.Rxc1 Rc8 22.Rxc8+ Bxc8
23.Qc3 Qd8 24.Bg5 Nf8 25.Qxe5 N8d7 26.Qd4 Qc7 27.Ne4 Ne8 28.Kh2 Qe5 29.Be3 Qxd4
30.Bxd4 f5 31.Nc3 Kf7 32.Bf1 a6 33.Bd3 g6 34.b4 Bb7 35.Bc4 Ke7 36.a4 Nd6
37.Bb3 Ba8 38.f4 Bb7 39.Kg2 Nc8 40.Kf2 Kd6 41.Ke3 Ne7 42.Bc4 Nxd5+ 43.Nxd5 Bxd5
44.Bxa6 Nb8  1-0

[Event "Corporacion del Sur A"]
[Site "Buenos Aires ARG"]
[Date "2006.10.11"]
[Round "9"]
[White "Ricardi,P"]
[Black "Giaccio,A"]
[Result "1/2-1/2"]
[WhiteElo "2504"]
[BlackElo "2462"]

1.c4 e6 2.Nf3 d5 3.d4 c6 4.Nbd2 Nf6 5.g3 Nbd7 6.Bg2 Bd6 7.O-O O-O 8.b3 Qe7
9.Bb2 b5 10.Ne5 Bb7 11.e4 bxc4 12.bxc4 dxe4 13.Nxd7 Qxd7 14.Nxe4 Nxe4 15.Bxe4 Be7
16.Qc2 h6 17.Rfd1 Rfd8 18.Bc3 c5 19.d5 exd5 20.cxd5 Rab8 21.Rab1 Qd6 22.Qa4 Ba6
23.Kg2 Bf6 24.Rxb8 Rxb8 25.Bxf6 gxf6 26.Bf3 f5 27.Qc6 Rb6 28.Qe8+ Kg7 29.Re1 Bc4
30.Qa8 Rb8 31.Qc6 Rb6 32.Qa8 Rb8 33.Qc6 Rb6  1/2-1/2

[Event "USCL"]
[Site "ICC INT"]
[Date "2006.10.11"]
[Round "7"]
[White "Mikhailuk,S"]
[Black "Bhat,V"]
[Result "0-1"]
[WhiteElo "2446"]
[BlackElo "2409"]

1.c4 e6 2.Nf3 d5 3.g3 dxc4 4.Qa4+ Nd7 5.Bg2 a6 6.Qxc4 b5 7.Qc6 Rb8 8.d4 Bb7
9.Qc2 c5 10.O-O Ngf6 11.Bg5 Rc8 12.a4 b4 13.Rd1 cxd4 14.Qd2 Qc7 15.Bf4 Qb6
16.a5 Qa7 17.Nxd4 Bxg2 18.Kxg2 e5 19.Nf5 exf4 20.Qxf4 Qb8 21.Rd6 Bxd6 22.Nxd6+ Ke7
23.Qe3+ Kxd6 24.Nc3 bxc3 25.Rd1+ Nd5 26.Qf3 Nf6 27.bxc3 Ke7 28.e4 Nxc3  0-1

[Event "AVTOGAZ 40"]
[Site "Togliatti RUS"]
[Date "2006.10.11"]
[Round "5"]
[White "Kazancev,V"]
[Black "Skatchkov,P"]
[Result "0-1"]
[WhiteElo "2335"]
[BlackElo "2489"]

1.c4 e6 2.Nf3 d5 3.g3 Nf6 4.Bg2 Be7 5.b3 O-O 6.O-O d4 7.Bb2 c5 8.e3 Nc6 9.exd4 cxd4
10.Re1 Re8 11.d3 Bb4 12.Nbd2 e5 13.a3 Bc3 14.Qc2 Bxb2 15.Qxb2 Bf5 16.Qb1 a5
17.c5 Nd5 18.Nc4 Qf6 19.Nd6 Re7 20.Nxf5 Qxf5 21.Nd2 Nc3 22.Qc2 h5 23.Nc4 e4
24.dxe4 Qxc5 25.Nb2 Rae8 26.Nd3 Qd6 27.Nf4 h4 28.f3 hxg3 29.hxg3 Ne5 30.Nd3 Nc6
31.Qf2 b5 32.Bh3 Ne5 33.Nxe5 Rxe5 34.Bf5 R5e7 35.Kg2 g6 36.Bh3 Kg7 37.Qd2 f5
38.Rh1 fxe4 39.Bg4 exf3+ 40.Kf1 Re3 41.Qh2 Qe5 42.Qh7+ Kf6 43.Qh4+ Qg5 44.Bd7 Qxh4
45.Rxh4 R8e4 46.b4 axb4 47.axb4 d3  0-1

[Event "22nd ECU Club Cup"]
[Site "Feugen AUT"]
[Date "2006.10.12"]
[Round "5"]
[White "Nyback,T"]
[Black "Kaenel,H"]
[Result "1-0"]
[WhiteElo "2575"]
[BlackElo "2388"]

1.Nf3 e6 2.c4 d5 3.d4 c6 4.Nc3 f5 5.Bf4 Nf6 6.e3 Bd6 7.Bd3 O-O 8.O-O Ne4
9.Qc2 Bxf4 10.exf4 Nd7 11.Ne2 Ndf6 12.Ne5 Bd7 13.c5 Ne8 14.f3 N4f6 15.g4 g6
16.Ng3 Ng7 17.b4 Be8 18.Kg2 Nd7 19.Qd2 Nxe5 20.fxe5 a5 21.bxa5 Qxa5 22.Qxa5 Rxa5
23.Rfb1 Ra7 24.Ne2 Bd7 25.a4 Rfa8 26.Rb4 Bc8 27.Bc2 Kf7 28.h4 Ra6 29.Kg3 Rb8
30.Rab1 Ra7 31.Rh1 h6 32.Kf2 Bd7 33.Rg1 Rh8 34.Rg3 Rg8 35.Rb1 Ne8 36.Rbg1 Rg7
37.Ke3 Ra6 38.Kd2 Bc8 39.Nf4 Bd7 40.Kc3 Ra8 41.gxf5 gxf5 42.Rg6 h5 43.R6g5 Rxg5
44.Rxg5 Ng7 45.Nxh5 Nxh5 46.Rxh5 Kg6 47.Rg5+ Kh7 48.Kb4 Be8 49.h5 Bf7 50.Bxf5+ exf5
51.Rxf5 Kg8 52.f4 Re8 53.h6 Re7 54.Ka5 Kh7 55.Rf6 Bh5 56.Kb6 Bg4 57.f5 Bh3
58.a5 Bg4 59.Rg6 Bxf5 60.Rg7+ Rxg7 61.hxg7 Kxg7 62.Kxb7  1-0

[Event "22nd ECU Club Cup"]
[Site "Feugen AUT"]
[Date "2006.10.13"]
[Round "6"]
[White "Welling,G"]
[Black "Likavsky,T"]
[Result "0-1"]
[WhiteElo "2371"]
[BlackElo "2480"]

1.c4 e6 2.Nf3 d5 3.g3 dxc4 4.Qa4+ Nd7 5.Bg2 a6 6.Qxc4 b5 7.Qc2 Bb7 8.O-O Ngf6
9.d3 c5 10.a4 Be7 11.Na3 O-O 12.Bg5 Qb6 13.axb5 axb5 14.Qb3 Ba6 15.Nd2 Rab8
16.Rfc1 h6 17.Bf4 e5 18.Be3 Ng4 19.Nf1 Ndf6 20.Nc2 Rfc8 21.Qa2 Bb7 22.Qa7 Qc7
23.Bd2 c4 24.Bb4 Bxg2 25.Qxc7 Rxc7 26.Kxg2 cxd3 27.exd3 Rbc8 28.Bxe7 Rxc2
29.Rxc2 Rxc2 30.Bxf6 gxf6 31.Kf3 f5  0-1

[Event "1st Javier Carpintero Mem"]
[Site "Evora POR"]
[Date "2006.10.29"]
[Round "5"]
[White "Grade,J"]
[Black "Ferents,A"]
[Result "0-1"]
[WhiteElo "1845"]
[BlackElo "2253"]

1.c4 e6 2.Nf3 d5 3.g3 c6 4.cxd5 exd5 5.Bg2 Nf6 6.O-O Be7 7.h3 O-O 8.d4 Bf5
9.Nh4 Be6 10.Nc3 Ne4 11.Nxe4 dxe4 12.Bxe4 Bxh4 13.Qd3 f5 14.Bxf5 Rxf5 15.e4 Rf7
16.f4 Bxh3 17.Rf2 Be7 18.Rh2 Bg4 19.Be3 Na6 20.Kf2 Qb6 21.b3 Qb5 22.Qd2 Nb4
23.Rah1 g6 24.a3 Nd3+ 25.Kg2 Qxb3 26.Rb1  0-1

[Event "Petersburg Autumn"]
[Site "St Petersburg RUS"]
[Date "2006.11.03"]
[Round "4"]
[White "Gorjunov,S2"]
[Black "Tokareva,T"]
[Result "1-0"]
[WhiteElo "2102"]
[BlackElo "2000"]

1.c4 e6 2.Nf3 d5 3.g3 Nf6 4.Bg2 c5 5.O-O Nc6 6.d3 Be7 7.Nbd2 O-O 8.cxd5 exd5
9.e4 d4 10.h3 Be6 11.Kh2 Nd7 12.Ne1 f6 13.f4 Qc7 14.a4 a6 15.Ndf3 Bd6 16.Nh4 b5
17.Bf3 Nb6 18.Bg4 Bxg4 19.Qxg4 Nxa4 20.Qe6+ Kh8 21.Nf5 Rad8 22.Nf3 Rfe8 23.Qb3 Bf8
24.N5h4 Ra8 25.Qd5 Nb4 26.Qh5 Nxd3 27.e5 fxe5 28.fxe5 Kg8 29.b3 Nb6 30.Ng5 h6
31.Rxa6 Rxe5 32.Rxa8 Nxa8 33.Ng6 Re8 34.Nxf8 Qe7 35.Nge6 Nxc1 36.Qd5 Kh8
37.Ng6+  1-0

[Event "VII Rapid"]
[Site "El Sauzal ESP"]
[Date "2006.11.05"]
[Round "6"]
[White "Komljenovic,D"]
[Black "Perera,P"]
[Result "1-0"]
[WhiteElo "2487"]
[BlackElo "2229"]

1.c4 e6 2.Nf3 d5 3.e3 Nf6 4.b3 c5 5.Bb2 Nc6 6.cxd5 exd5 7.Bb5 Be7 8.O-O O-O
9.Nc3 Bg4 10.Rc1 d4 11.Na4 Ne5 12.Nxc5 Nxf3+ 13.gxf3 Bh3 14.Bxd4 Qd5 15.Kh1 Bxf1
16.Bxf1 Rac8 17.Bc4 Qh5 18.Nd3 Qa5 19.a4 Qg5 20.Ne5 Bd6 21.Qf1 Qh5 22.Bxf7+ Rxf7
23.Rxc8+ Bf8 24.Qc4  1-0

[Event "Open"]
[Site "Liberec CZE"]
[Date "2006.11.11"]
[Round "1"]
[White "Arend,M"]
[Black "Staberhofer,R"]
[Result "1/2-1/2"]
[WhiteElo "1897"]
[BlackElo "2211"]

1.c4 e6 2.Nf3 d5 3.d4 Nf6 4.Nc3 Nbd7 5.Bg5 c6 6.e3 Qa5 7.Bxf6 Nxf6 8.cxd5 exd5
9.Bd3 Bg4 10.Qb3 Qb4 11.Qc2 Bd6 12.h3 Bh5 13.a3 Qa5 14.Nh4 Bg6 15.Nf5 Bxf5
16.Bxf5 O-O 17.g4 Rfe8 18.O-O-O g6 19.g5 Nh5 20.Bg4 b5 21.Bxh5 gxh5 22.Rhg1 Re6
23.Rd3 b4 24.axb4 Bxb4 25.f4 Rae8 26.Qf2 Bxc3 27.Rxc3 Rb8 28.Ra3 Qc7 29.f5 Re4
30.g6 c5 31.gxh7+ Kh8 32.Rc3 Qa5 33.Ra3 Qc7 34.Qc2 f6 35.Rg6 Qxh7 36.Qxc5 Qb7
37.Rh6+ Kg8 38.Rg6+ Kh8  1/2-1/2